Responses for Show #8601 - Monday, March 21, 2022

Contestants

[<< previous game]

Karen Johnson, a member acquisition coordinator from Portland, Oregon

Margaret Chipowsky, an attorney from Lawrenceville, New Jersey

Finn Corrigan, a student from Vista, California (whose 2-day cash winnings total $39,602)

[next game >>]

Jeopardy! Round responses

PICTURE/BOOK
BOATING GLOSSARY
DANCE OFF, BRO!
4-LETTER COUNTRIES
FILMS OF THE 1990s
LET YOUR STAR GUIDE YOU
    $200 30
The Scarlet Letter

Margaret
    $200 26
the anchor

Karen
    $200 13
a waltz

Karen
    $200 10
Peru

Finn
    $200 24
Twister

Margaret
    $200 25
(Ken: Correct, with less than a minute to go.)

studded

Finn
    $400 29
Of Mice and Men

Finn
    $400 14
depth

Finn
    $400 21
"Gangnam Style"

Finn
    $400 2
Iraq

Finn
    $400 8
Speed

Finn
    $400 19
a starburst

Margaret
    $600 16
The Catcher in the Rye

Triple Stumper
    $600 7
sheet

Karen
    $600 27
locking

Margaret
    $600 12
(Finn: What is Haiti?)

Cuba

FinnMargaret
    $600 1
Sling Blade

Triple Stumper
    $600 20
a wagon

Margaret
    $800 17
(Ken: Correct, by Adam Smith.)
[NOTE: Karen did not include "The" in her response.]

The Wealth of Nations

Karen
    $800 6
(Margaret: What is to cut?)
(Finn: What is clip? What is to clip?)

to trim

FinnMargaret
Triple Stumper
    $800 22
the fandango

Finn
    $1,000 3
Oman

Finn
    $800 4
Casino

Finn
    $800 5
(Finn: What is star court?)
...
(Ken: Star court sounds like a reality TV show...)
[Laughter]

the star chamber

Finn
Triple Stumper
    $1000 18
(Finn: What is... [sighing] oh!)
...
(Ken: That's Norman Mailer's [*]. You see them both.)

The Naked and the Dead

Finn
Triple Stumper
    $1000 15
the gunwale

Triple Stumper
    $1000 28
a jeté

Margaret
    $1000 11
Fiji

Triple Stumper
    $1000 9
10 Things I Hate About You

Margaret
    $1000 23
(Ken: That's lovely.)

the gutter

Triple Stumper

Scores at the first commercial break (after clue 15):

Finn Margaret Karen
$1,000 $800 $800

Scores at the end of the Jeopardy! Round:

Finn Margaret Karen
$1,800 $3,800 $1,800

Double Jeopardy! Round responses

GROUPS IN HISTORY
SEISMIC ACTIVITY
THE ANCIENTS SPEAK
GIVING YOU A PLUM ASSIGNMENT
CHILDHOOD HOMES
3 LETTERS IN A ROW ALPHABETICALLY
(Ken: These are words like "laughing" for example, which has G-H-I in a row.)
    $400 5
the plebeians

Finn
    $400 24
a tsunami

Finn
    $400 25
the tortoise & the hare

Margaret
    $400 9
professor

Finn
    $400 12
Taylor (Alison) Swift

Margaret
    $400 30
Monopoly

Karen
    $3,000 4
Robber Barons

Karen
    $800 23
Alaska

Karen
    $800 22
the golden rule

Finn
    $800 14
sugar plums

Margaret
    $800 11
Hank Aaron

Margaret
    $800 28
default

Karen
    $1200 2
the Roundheads

Karen
    $1200 18
Port-au-Prince

Finn
    $1200 6
(Ken: Yes, that hasn't held up well.)
[Laughter]

buries her

Karen
    $1200 15
Inauguration Day

Finn
    $1200 10
John Lennon

Finn
    $1,000 27
(Ken: Has S-T-U in it; that is correct.)

a costume

Karen
    $1600 1
[Finn selected the first clue.]

culottes

Karen
    $1600 17
Fukushima

Margaret
    $1600 7
Archimedes

Finn
    $1600 20
(Finn: Who is Mendel?)

Luther Burbank

Finn
Triple Stumper
    $1600 8
Angelina Jolie

Margaret
    $1600 26
(Margaret: What is a hajib?)
...
(Ken: Gotta have H-I-J in there.)

a hijab

MargaretKaren
    $2000 3
the Kuomintang

Karen
    $2000 19
Chile

Karen
    $2000 16
Pliny

Finn
    $2000 21
slivovitz

Triple Stumper
    $2000 13
New Jersey

Margaret
    $2000 29
(Karen: Who's Hector?)
...
(Ken: M-N-O in a row; that's correct.)

Agamemnon

FinnKaren

Scores at the end of the Double Jeopardy! Round:

Finn Margaret Karen
$11,400 $9,800 $15,400

[wagering suggestions for these scores]

Final Jeopardy! Round responses

SINGERS
(Ken: [To Finn] To be fair, you're only 75 years younger than [*].)
(Finn: Yeah.)
(Ken: Generationally, it's a bit of a stretch.)
MargaretWho is Tony Bennett?
$9,000
FinnWho is Diana Ross
$11,400
KarenWho is Ross?
$7,401
Tony Bennett

Final scores:

Finn Margaret Karen
$0 $18,800 $7,999
3rd place: $1,000 New champion: $18,800 2nd place: $2,000

Game dynamics:

Coryat scores:

Finn Margaret Karen
$11,200 $9,800 $13,400
20 R
(including 1 DD),
5 W
15 R,
2 W
15 R
(including 2 DDs),
1 W

Combined Coryat: $34,400

[game clues] [game scores] [suggest correction]

Game tape date: 2022-01-19
The J! Archive is created by fans, for fans. Scraping, republication, monetization, and malicious use prohibited; this site may use cookies and collect identifying information. See terms. The Jeopardy! game show and all elements thereof, including but not limited to copyright and trademark thereto, are the property of Jeopardy Productions, Inc. and are protected under law. This website is not affiliated with, sponsored by, or operated by Jeopardy Productions, Inc. Join the discussion at JBoard.tv.